Statistics for Where Are They From - Country #5

Click here to take the quiz!

General Stats

  • This quiz has been taken 47 times
  • The average score is 8 of 12

Answer Stats

HintAnswer% Correct
Vincent van Gogh, Johan Cruyff, Famke Janssen, Willem-AlexanderNetherlands
100%
Aristotle, Pheidippides, Giannis Antetokounmpo, Irene Papas Greece
98%
Cyrus the Great, Mohammad Reza Pahlavi, Ali Daei, Golshifteh Farahani Iran
75%
Didier Drogba, Félix Houphouët-Boigny, Yaya Toure, Marie-Josée Ta LouIvory Coast
68%
Tenzing Norgay, Birendra, Binod Chaudhary, Priyanka Karki Nepal
68%
Asashōryū Akinori, Damdin Sükhbaatar, Kublai Khan, Khulan ChuluunMongolia
64%
Ibn Khaldun, Hannibal, Dido, Ons Jabeur,Tunisia
64%
Keylor Navas, Franklin R. Chang-Díaz, Óscar Arias, Giannina Facio
Costa Rica
59%
Victoria Azarenka, Darya Domracheva, Yanka Kupala, Alyona LanskayaBelarus
57%
Adriana Karembeu, Gustáv Husák, Marek Hamšík, Daniela HantuchováSlovakia
57%
Antonio Valencia, Rafael Correa, Manuela Sáenz, María Elisa CamargoEcuador
52%
Chinghiz Aitmatov, Askar Akayev, Toktogul Satylganov, Aisuluu TynybekovaKyrgyzstan
39%

Score Distribution

Percentile by Number Answered

Percent of People with Each Score

Your Score History

You have not taken this quiz